00359nam a2200121Ia 45000010005000000080041000050820024000461000062000702450038001322600024001709010028001949990015002223849241024s9999 xx 000 0 und d aRD/375/R426d/2014/P aRepública Dominicana. Ministerio de Educación, MINERD 0aDiseño Curricular Nivel Inicial bSanto Domingoc2014 a17/11/2014 9:52:00 a.m. c8410d8410